| 000 | 00726nam a22002057a 4500 | ||
|---|---|---|---|
| 005 | 20240708161916.0 | ||
| 010 | _aENG-140837 | ||
| 020 |
_a9789390325726 _c1149.00 |
||
| 035 | _aEN-124369 | ||
| 037 | _bDBAD | ||
| 082 |
_21 _a004.068 |
||
| 100 |
_aMaloo, Somit _968246 |
||
| 245 |
_aCCNP and CCIE Data Center Core: _bDCCOR 350-601 Official Cert Guide/ _cBy Somit Maloo, [and] Firas Ahmad |
||
| 250 | _a1 | ||
| 260 |
_aNoida _bPearson India Education _c2022 |
||
| 270 |
_a15th floor, Tower- B, World Trade Tower, plot No.1, Block -C, Sector-16, Noida, _bUttar Pradesh _e201301 |
||
| 300 |
_axxxix,1013p. _c23cm(pbk) _bIndex |
||
| 700 |
_aAhmad, Firas _eAuthor _968247 |
||
| 942 |
_2ddc _cEN _h004.068 _mMAL _e1 |
||
| 999 |
_c204029 _d204029 |
||